000 00666nam a22001817a 4500
005 20260615112505.0
008 260614b |||||||| |||| 00| 0 eng d
020 _a9960667006
040 _c.
082 _a811.9531 S528 1996
100 _aالسويداء , عبد الرحمن بن زيد
245 _aاشجان :
_bديوان شعر /
_cعبد الرحمن بن زيد السويداء
250 _a1 ط
260 _bالسعودية , الرياض ,دار السويداء للنشر والتوزيع , 1994
300 _a165 ص
_c23 سم
650 _zالسعودية - الشعر العربي - دواوين وقصائد
942 _2ddc
_cBK-AR
_n0
999 _c8988
_d8988